Engineering Rock Mechanics An Int to the Principles / (Record no. 614407)

000 -LEADER
fixed length control field 00375nam a22001457a 4500
020 ## - INTERNATIONAL STANDARD BOOK NUMBER
Qualifying information PB.
040 ## - CATALOGING SOURCE
Transcribing agency Ain Uddin
082 ## - DEWEY DECIMAL CLASSIFICATION NUMBER
Classification number 624.15132
Author Mark JOH
100 ## - MAIN ENTRY--PERSONAL NAME
Personal name Hudson, A John.
9 (RLIN) 129901
245 ## - TITLE STATEMENT
Title Engineering Rock Mechanics An Int to the Principles /
Statement of responsibility, etc. John A Hudson.
250 ## - EDITION STATEMENT
Edition statement 1st ed,
260 ## - PUBLICATION, DISTRIBUTION, ETC.
Name of publisher, distributor, etc. Elsevier Science,
Date of publication, distribution, etc. 2009.
300 ## - PHYSICAL DESCRIPTION
Extent 357 P. ;
942 ## - ADDED ENTRY ELEMENTS (KOHA)
Source of classification or shelving scheme
Koha item type Book
Holdings
Withdrawn status Lost status Source of classification or shelving scheme Damaged status Not for loan Permanent Location Current Location Date acquired Full call number Barcode Date last seen Copy number Price effective from Koha item type Total Checkouts
          NUST Baluchistan Campus (NBC) NUST Baluchistan Campus (NBC) 07/17/2025 624.15132 JOH Q-6434 07/17/2025 2 07/17/2025 Book  
          NUST Baluchistan Campus (NBC) NUST Baluchistan Campus (NBC) 02/16/2026 624.15132 JOH Q-2633 02/16/2026 1 02/16/2026 Book  
© 2023 Central Library, National University of Sciences and Technology. All Rights Reserved.